[Event "Vaxjo op"]
[Site "Vaxjo"]
[Date "2015.02.14"]
[Round "5"]
[White "Pietarinen, Alexander"]
[Black "Morell, Ludvig"]
[Result "1-0"]
[WhiteElo "1390"]
[BlackElo "1178"]
[PlyCount "35"]
[EventDate "2015.02.13"]
[EventType "swiss"]
[EventRounds "8"]
[EventCountry "SWE"]
[SourceTitle "CBM 164 Extra"]
[Source "ChessBase"]
[SourceDate "2015.03.02"]
[SourceVersion "1"]
[SourceVersionDate "2015.03.02"]
[SourceQuality "1"]

1. d4 d5 2. c4 dxc4 3. e3 Be6 4. Qc2 b5 5. a4 bxa4 6. Bxc4 Bxc4 7. Qxa4+ Qd7 8. Qxc4 Nf6 9. Nf3 g6 10. Ne5 Qe6 11. Qxc7 Nbd7 12. Rxa7 Rd8 13. Nc6 Qxc6 14. Qxc6 Bg7 15. 0-0 0-0 16. Bd2 Nb8 17. Qa4 Ne4 18. Rxe7 1-0

[Event "Vaxjo op"]
[Site "Vaxjo"]
[Date "2015.02.14"]
[Round "6"]
[White "Sniegon, Adam"]
[Black "Pietarinen, Alexander"]
[Result "1-0"]
[WhiteElo "1527"]
[BlackElo "1390"]
[PlyCount "75"]
[EventDate "2015.02.13"]
[EventType "swiss"]
[EventRounds "8"]
[EventCountry "SWE"]
[SourceTitle "CBM 164 Extra"]
[Source "ChessBase"]
[SourceDate "2015.03.02"]
[SourceVersion "1"]
[SourceVersionDate "2015.03.02"]
[SourceQuality "1"]

1. d4 Nf6 2. c4 e6 3. Bg5 Bb4+ 4. Nc3 d5 5. a3 Bxc3+ 6. bxc3 Nbd7 7. e3 0-0 8. cxd5 exd5 9. Nf3 Re8 10. Bd3 c6 11. 0-0 h6 12. Bh4 Nf8 13. h3 N8d7 14. Qc2 a5 15. Rfe1 Qc7 16. Bf5 Ne4 17. Bxe4 dxe4 18. Nd2 f5 19. Nc4 Nb6 20. Bg3 Qd8 21. Ne5 Be6 22. Rab1 Rb8 23. Rb2 Ra8 24. Reb1 Nc4 25. Nxc4 Bxc4 26. Rxb7 Bd3 27. Qb3+ Qd5 28. Qxd5+ cxd5 29. R1b2 Rec8 30. Be5 Ba6 31. Rxg7+ Kf8 32. Rb6 Re8 33. Rh7 Kg8 34. Rbxh6 Kf8 35. Rf6+ Kg8 36. Rff7 Re6 37. Rfg7+ Kf8 38. Rh8# 1-0